000 00209nam a22000977a 4500
999 _c16195
_d16195
003 OSt
008 200619b ||||| |||| 00| 0 eng d
100 _amanorama
_94616
245 _amanorama year book
942 _cBK